Classement de la Super League Suisse - Statistiques

Statistiques générales
  • Ce quiz a été pris 43 fois
  • Le résultat moyen est 8 sur 10
Statistiques - réponses
Hint Réponse % Correct
5 Bâle
95%
8 FC Zürich
95%
6 Saint-Gall
90%
10 Sion
90%
1 Young Boys
90%
4 Lucerne
83%
3 Lugano
83%
2 Servette
83%
7 Grasshopper
74%
9 FC Winterthour
50%
Aucun quiz correspondant
Distribution des résultats
% des personnes avec chaque résultat
Percentile par nombre de réponses
Votre historique - résultats
Vous n’avez pas pris ce quiz